000 00565nam a2200205Ia 4500
003 GCL
008 140319s9999 xx 000 0 eng d
040 _aGCL /
_cGCL
082 0 4 _a372.86
_bK P
100 1 _aKIRCHNER, GLENN
245 1 0 _aPHYSICAL EDUCATION FOR ELEMENTARY SCHOOL CHILDREN: NINTH EDUCATION /
_cKIRCHNER, GLENN
700 1 _aFISHBURNE, GRAHAM
260 _a[S.N] :
_bWCB WM.C.BROWN PUBLISHERS ،
_c1995
300 _a620 P
650 0 4 _aPHYSICAL EDUCATION
650 0 4 _aEXERCISES
650 0 4 _aFITNESS
650 0 4 _aHEALTH
942 _2ddc
_cBK
999 _c11735
_d11735